000
00259nam a22001217a 4500
003
SGT
082
_a
151
_b
D11F
100
_a
FELDMAN,ROBERT S.
245
_a
DISCOVERING THE LIFE SPAN
260
_a
DELHI
_b
PEARSON
_c
2011
300
_a
394
942
_2
ddc
_c
BK
999
_c
10558
_d
10558